000 00808nam a2200217 i 4500
001 152074
003 ES-MaACL
005 20250817030022.0
008 931025q18501874sp |||| | spa d
080 _a39(72)
100 0 _aBiart, Lucien.
_928758
245 1 3 _aLa tierra caliente
_b: escenas de costumbres mejicanas /
_cpor Luciano Biart.
260 _aMadrid :
_b[s.n.,
_cs.a.] (
_fImprenta de Medina y Navarro)
300 _a269 p. ;
_c17 cm.
490 1 _aBiblioteca de instrucción y recreo
596 _aMedina Navarro ejerce como impresor para la Biblioteca de instrucción y recreo ca. de 1850-1874.
650 4 _aMéxico-
_xUsos y costumbres.
_9187694
830 0 0 _aBiblioteca de instrucción y recreo
_9182429
852 _aES-MaACL
_jD-1860
_z-- Rúst.
999 _c152074
_d152074